Gotham Actors - Sudden Death - Statistics

General Stats
  • This quiz has been taken 47 times
  • The average score is 8 of 15
Answers on the Grid
Answers color-coded by a green-red scale on the quiz's grid according to % correct below.
Morena Baccarin
Udo Kier
Riz Ahmed
Ezra Miller
Robin Lord Taylor
Cameron Monaghan
David Mazouz
Werner Herzog
Jada Pinkett Smith
Shia LaBeouf
Alexander Siddig
Al Pacino
BD Wong
Victor Williams
Paul Reubens
Sean Pertwee
Michael Shannon
Margaret Qualley
Donal Logue
Toni Collette
Camren Bicondova
Ray Fisher
Maggie Geha
Dave Bautista
Matthew Lewis
Crystal Reed
Michael Bowen
Jonathan Banks
Bryan Cranston
Lori Petty
 
Answer Stats
Answer % Correct
Morena Baccarin
89%
Cameron Monaghan
84%
Jada Pinkett Smith
84%
Robin Lord Taylor
76%
David Mazouz
73%
Sean Pertwee
65%
Camren Bicondova
57%
Donal Logue
54%
BD Wong
41%
Maggie Geha
35%
Crystal Reed
32%
Alexander Siddig
24%
Paul Reubens
24%
Lori Petty
16%
Michael Bowen
16%
No matching quizzes found
Score Distribution
Percent of People with Each Score
Percentile by Number Answered
Your Score History
You have not taken this quiz